Sita warrior of mithila / (Record no. 150963)

MARC details
000 -LEADER
fixed length control field 00582nam a22002057a 4500
005 - DATE AND TIME OF LATEST TRANSACTION
control field 20180410141537.0
010 ## - LCCN (DPL NO)
LC control number ENG-122600
020 ## - INTERNATIONAL STANDARD BOOK NUMBER
International Standard Book Number 9789386224583
Terms of availability 350.00
035 ## - SYSTEM CONTROL NUMBER
System control number EN-106132
037 ## - SOURCE OF ACQUISITION
Source of stock number/acquisition DBAD/PUB
082 ## - DEWEY DECIMAL CLASSIFICATION NUMBER
Classification number N
100 ## - MAIN ENTRY--PERSONAL NAME
Personal name Amish
245 ## - TITLE STATEMENT
Title Sita warrior of mithila /
Statement of responsibility, etc by Amish
260 ## - PUBLICATION, DISTRIBUTION, ETC. (IMPRINT)
Date of publication, distribution, etc 2017
Place of publication, distribution, etc Chennai
Name of publisher, distributor, etc westlan publications
270 ## - ADDRESS
Address 61,IInd floor,silverline Building,Alapakkam Main Road,Maduravoyal,
City Chennai
Postal code 600095
300 ## - PHYSICAL DESCRIPTION
Dimensions 21cm(pbk)
Extent 361p.
490 ## - SERIES STATEMENT
Series statement Ram Chandra Series Book 2
650 ## - SUBJECT ADDED ENTRY--TOPICAL TERM
Topical term or geographic name as entry element fiction
942 ## - ADDED ENTRY ELEMENTS (KOHA)
Item type English Books
Source of classification or shelving scheme Dewey Decimal Classification
Call number suffix AMI
Classification part N
Holdings
Withdrawn status Lost status Not for loan Collection code Home library Current library Date acquired Source of acquisition Cost, normal purchase price Full call number Barcode Copy number Cost, replacement price Koha item type
    Not For Loan Fiction D.B.Act.Division Sarojini Nagar 10/04/2018 DBAD/PUB 350.00 N AMI EN-106132 1 350.00 English Books

© Delhi Public Library
Hit Counter
free hit counter